[Event "52nd World Juniors 2013"]
[Site "Kocaeli TUR"]
[Date "2013.09.19"]
[Round "7.16"]
[White "Wang, Yiye"]
[Black "Baghdasaryan, Vahe"]
[Result "0-1"]
[BlackTitle "IM"]
[WhiteElo "2258"]
[BlackElo "2423"]
[WhiteFideId "8606021"]
[BlackFideId "13303139"]
[EventDate "2013.09.13"]

1. e4 c5 2. Nf3 d6 3. Nc3 a6 4. d4 cxd4 5. Nxd4 Nf6 6. Bg5 Nbd7 7. Bc4 e6 8. f4
b5 9. Bxe6 fxe6 10. Nxe6 Qb6 11. Nd5 Qa7 12. Nec7+ Kf7 13. e5 dxe5 14. Bxf6 Nxf6
15. fxe5 Bg4 16. Qd3 Bb4+ 17. c3 Rhe8 18. Nxe8 Rxe8 19. Nxf6 Rxe5+ 20. Ne4 Be7
21. Rd1 Ke8 22. Kd2 Qa8 23. Ke3 Bf5 24. Kf4 Rxe4+ 0-1

[Event "52nd World Juniors 2013"]
[Site "Kocaeli TUR"]
[Date "2013.09.19"]
[Round "7.17"]
[White "De Filomeno, Simone"]
[Black "Grandelius, Nils"]
[Result "1-0"]
[WhiteTitle "FM"]
[BlackTitle "GM"]
[WhiteElo "2392"]
[BlackElo "2576"]
[WhiteFideId "828688"]
[BlackFideId "1710400"]
[EventDate "2013.09.13"]

1. d4 Nf6 2. Nf3 g6 3. c4 Bg7 4. e3 O-O 5. Be2 c5 6. Nc3 cxd4 7. exd4 d5 8. O-O
Nc6 9. Be3 Bg4 10. c5 Ne4 11. Rc1 Nxc3 12. bxc3 e6 13. Bf4 Qd7 14. Rb1 Rfd8 15.
Re1 Bf8 16. Bb5 Bxf3 17. Qxf3 b6 18. Qd1 Qb7 19. Qa4 Na5 20. c6 Qe7 21. c7 Rdc8
22. Bd7 Qa3 23. Qb5 Bd6 24. Bxc8 Bxf4 25. Qd7 Qd6 26. Rxe6 Bxh2+ 27. Kf1 Qxc7
28. Re8+ Kg7 29. Qxc7 Bxc7 30. Rbe1 Bf4 31. Ba6 Rxe8 32. Rxe8 Kf6 33. Ke2 Nc6
34. Ra8 Ke6 35. Bb5 Na5 36. Rxa7 Bb8 37. Ra8 Bd6 38. Re8+ Be7 39. Rb8 1-0

[Event "52nd World Juniors 2013"]
[Site "Kocaeli TUR"]
[Date "2013.09.19"]
[Round "7.18"]
[White "Ynojosa, Felix Jose"]
[Black "Tomazini, Zan"]
[Result "1-0"]
[WhiteTitle "IM"]
[BlackTitle "FM"]
[WhiteElo "2439"]
[BlackElo "2277"]
[WhiteFideId "3900258"]
[BlackFideId "14608162"]
[EventDate "2013.09.13"]

1. e3 g6 2. Nf3 Bg7 3. c4 Nf6 4. b3 d6 5. Bb2 e5 6. d3 O-O 7. Be2 c5 8. O-O Nc6
9. a3 Re8 10. Nbd2 d5 11. cxd5 Nxd5 12. Qc2 Nc7 13. Ne4 b6 14. b4 f5 15. Ned2
Ba6 16. bxc5 e4 17. cxb6 Ne6 18. Bxg7 exd3 19. Qxc6 dxe2 20. Rfe1 Rc8 21. Qa4
Nc5 22. Qd4 Qxb6 23. Bf6 Re6 24. Qd5 Bb7 25. Qa2 Qd6 26. Be5 Qd3 27. Bd4 Qa6 28.
Ng5 Nd3 29. Nxe6 Nc1 30. Raxc1 Rxc1 31. Nd8+ 1-0

[Event "52nd World Juniors 2013"]
[Site "Kocaeli TUR"]
[Date "2013.09.19"]
[Round "7.19"]
[White "Velten, Paul"]
[Black "Nasanjargal, Urtnasan"]
[Result "1/2-1/2"]
[WhiteTitle "FM"]
[BlackTitle "FM"]
[WhiteElo "2427"]
[BlackElo "2323"]
[WhiteFideId "681091"]
[BlackFideId "4900774"]
[EventDate "2013.09.13"]

1. d4 Nf6 2. c4 g6 3. Nc3 Bg7 4. e4 d6 5. h3 O-O 6. Be3 c5 7. d5 Qa5 8. Bd3 b5
9. cxb5 a6 10. Qb3 Nbd7 11. Nf3 Rb8 12. Bd2 axb5 13. Nxb5 Qb6 14. a4 Ba6 15. O-O
Ne8 16. Bc3 Nc7 17. Bxg7 Kxg7 18. Qc3+ Kg8 19. Nxc7 Bxd3 20. Ne6 fxe6 21. Qxd3
Qxb2 22. dxe6 Ne5 23. Nxe5 Qxe5 24. Qd5 Qf4 25. a5 Rb2 26. a6 Rxf2 27. Rxf2
Qxf2+ 28. Kh1 Qd4 29. Rb1 Qxd5 30. exd5 Kg7 31. Kg1 Ra8 32. Rf1 Rxa6 33. Rf7+
Kh6 34. Rxe7 Ra1+ 35. Kf2 Rd1 36. g4 Rxd5 37. h4 g5 38. h5 Re5 39. Kf3 Re1 40.
Kf2 Re5 41. Kf3 Re1 42. Kf2 Re4 43. Kf3 Rf4+ 44. Kg3 Rf6 45. Kg2 c4 46. Rc7 Rxe6
47. Rxc4 Kg7 48. Rc7+ Kg8 49. Kf3 h6 50. Rd7 Kf8 51. Rh7 Kg8 52. Rd7 Kf8 53. Rh7
Ke8 54. Ra7 Re7 55. Ra8+ Kd7 56. Ra7+ Ke8 57. Ra6 Kd7 58. Ra8 Kc6 59. Ra6+ Kd5
60. Ra4 Rc7 61. Ra8 Rc3+ 62. Kf2 Rc4 63. Rh8 Rf4+ 64. Ke3 Re4+ 65. Kd3 Rd4+ 66.
Ke3 Re4+ 67. Kd3 Rxg4 68. Rxh6 Rh4 69. Rh8 Rh3+ 70. Ke2 Ke4 71. h6 Rh2+ 72. Kf1
Kf3 73. Kg1 Rg2+ 74. Kf1 Rh2 75. Kg1 Kg3 76. h7 Rg2+ 77. Kf1 Rh2 78. Rg8 Rxh7
79. Rxg5+ Kf3 80. Ke1 Ke3 81. Rg3+ Kd4 82. Kd1 Rh1+ 83. Kd2 Rh2+ 84. Kd1 Rf2 85.
Ke1 Ra2 86. Kd1 Rb2 87. Rh3 Rf2 88. Ke1 Rc2 89. Kd1 Rc3 90. Rh4+ Kd3 91. Rh3+
Kd4 92. Rh4+ Kc5 93. Kd2 Rb3 94. Rg4 Rh3 95. Rf4 Rg3 96. Rh4 Kd5 97. Ra4 Rh3 98.
Rg4 Ke5 99. Ra4 Ke6 100. Rg4 Rh5 101. Ra4 Rd5+ 102. Ke2 Ke5 103. Rh4 Rd4 104.
Rh5+ Ke4 105. Rh3 Kd5 106. Rc3 Rc4 107. Rh3 Rd4 108. Rc3 Ke4 109. Re3+ Kf5 110.
Rf3+ Ke6 111. Rh3 Ke5 112. Rh5+ Ke4 113. Rh3 Kd5 1/2-1/2

[Event "52nd World Juniors 2013"]
[Site "Kocaeli TUR"]
[Date "2013.09.19"]
[Round "7.20"]
[White "Lozhnikov, Vyacheslav"]
[Black "Bortnyk, Mykola"]
[Result "1/2-1/2"]
[WhiteTitle "FM"]
[WhiteElo "2339"]
[BlackElo "2417"]
[WhiteFideId "13704761"]
[BlackFideId "14120836"]
[EventDate "2013.09.13"]

1. d4 Nf6 2. c4 e6 3. Nc3 Bb4 4. e3 d5 5. Ne2 O-O 6. a3 Be7 7. cxd5 exd5 8. g3
c6 9. Bg2 Bf5 10. O-O Re8 11. h3 h6 12. g4 Bh7 13. Ng3 Nbd7 14. f4 Bd6 15. b3
Qb6 16. h4 Ne4 17. Ngxe4 dxe4 18. f5 Be7 19. Nxe4 Bxh4 20. Nd6 Re7 21. Nc4 Qa6
22. Bb2 Nb6 23. Nxb6 Qxb6 24. e4 Bf6 25. Kh1 Rd8 26. Qf3 Bxd4 27. Bxd4 Rxd4 28.
Rad1 Rxd1 29. Rxd1 f6 30. Bf1 Kh8 31. Bc4 Bg8 32. g5 Bxc4 33. bxc4 hxg5 34. Qh5+
Kg8 35. Rd7 g4 36. Rxe7 Qb1+ 37. Kg2 Qb2+ 38. Kg1 Qd4+ 39. Kg2 Qd2+ 40. Kg1 Qe3+
41. Kg2 1/2-1/2

[Event "52nd World Juniors 2013"]
[Site "Kocaeli TUR"]
[Date "2013.09.19"]
[Round "7.21"]
[White "Antal, Tibor Kende"]
[Black "Ali Marandi, Cemil Can"]
[Result "1/2-1/2"]
[WhiteTitle "FM"]
[BlackTitle "IM"]
[WhiteElo "2321"]
[BlackElo "2403"]
[WhiteFideId "738581"]
[BlackFideId "6300529"]
[EventDate "2013.09.13"]

1. d4 d5 2. c4 c6 3. Nf3 Nf6 4. e3 e6 5. Bd3 Nbd7 6. O-O dxc4 7. Bxc4 Bd6 8. Nc3
b5 9. Bd3 O-O 10. Qe2 Bb7 11. b3 a6 12. Bb2 c5 13. h3 cxd4 14. Nxd4 Nc5 15. Rfd1
b4 16. Na4 Nxa4 17. bxa4 Nd5 18. Rac1 Qd7 19. Nb3 Rfc8 20. Rxc8+ Qxc8 21. Na5
Bf8 22. Qh5 h6 23. Qe5 Nc3 24. Bxc3 bxc3 25. Nxb7 Qxb7 26. Qxc3 Rc8 27. Qa5 Ra8
28. Rb1 Qd7 29. Be4 Qd8 30. Qb6 Qxb6 31. Rxb6 Ra7 32. a5 g5 33. Bd3 Bc5 34. Rxa6
Rxa6 35. Bxa6 Bb4 36. Kf1 Bxa5 37. Ke2 Kf8 38. Kd3 Ke7 39. Kc4 Kd6 40. a4 Ke5
41. Bb7 Be1 42. f3 h5 43. g4 h4 44. Bc6 Bd2 45. Kd3 Ba5 46. Be8 f6 47. Bf7 Bb6
48. f4+ Kd6 49. Ke4 Ba5 50. Be8 Bb6 51. Bb5 Ba5 52. Ba6 Bb6 53. Bc8 Ba5 54. Kd3
Bb6 55. Bb7 Ba5 56. Ba6 Bb6 57. Bc8 Ba5 58. f5 e5 59. Kc4 Bb6 60. e4 Bf2 61. Kb5
Be3 62. a5 Bf2 63. Be6 Be3 64. Bd5 Bf2 65. a6 1/2-1/2

[Event "52nd World Juniors 2013"]
[Site "Kocaeli TUR"]
[Date "2013.09.19"]
[Round "7.22"]
[White "Grandadam, Nicolas"]
[Black "Kurayan, Ruslan"]
[Result "0-1"]
[WhiteTitle "FM"]
[WhiteElo "2309"]
[BlackElo "2398"]
[WhiteFideId "681806"]
[BlackFideId "14120615"]
[EventDate "2013.09.13"]

1. Nf3 c5 2. c4 Nc6 3. d4 cxd4 4. Nxd4 Nf6 5. Nc3 g6 6. e4 d6 7. Be2 Bg7 8. Be3
O-O 9. O-O Bd7 10. Nb3 a5 11. Nd2 Ne8 12. Rc1 Nd4 13. Nb3 Ne6 14. Nd5 Nf6 15.
Bb6 Qe8 16. Nxa5 Nxe4 17. b4 Bc6 18. Qd3 f5 19. g3 Qf7 20. Bf3 Ra6 21. Bg2 Bxd5
22. cxd5 Rxb6 23. dxe6 Qxe6 24. f3 Nf6 25. Rfe1 Qxa2 26. Rxe7 Rxb4 27. Rcc7 Rb1+
28. Bf1 Ne8 29. Rc8 Nf6 30. Rcc7 Nh5 31. Nxb7 Bf6 32. Red7 Ng7 33. Nxd6 Ne6 34.
Ra7 Qb2 35. Rab7 Bd4+ 36. Kh1 Qf2 37. Ra7 0-1

[Event "52nd World Juniors 2013"]
[Site "Kocaeli TUR"]
[Date "2013.09.19"]
[Round "7.23"]
[White "Laurusas, Tomas"]
[Black "Emiroglu, Cankut"]
[Result "1-0"]
[BlackTitle "CM"]
[WhiteElo "2398"]
[BlackElo "2260"]
[WhiteFideId "12803731"]
[BlackFideId "6306659"]
[EventDate "2013.09.13"]

1. d4 Nf6 2. c4 e6 3. Nf3 b6 4. g3 Ba6 5. b3 Bb4+ 6. Bd2 Be7 7. Bg2 d5 8. O-O c6
9. Qc2 O-O 10. Bf4 Nbd7 11. Nbd2 Nh5 12. Be3 f5 13. Rad1 Rc8 14. Ne1 g5 15. Ndf3
Bf6 16. Nd3 Qe7 17. Qc1 h6 18. Nfe5 Nxe5 19. dxe5 Bg7 20. Bf3 g4 21. Bg2 Kh7 22.
f3 Rg8 23. Rf2 Rcf8 24. Rdf1 Bb7 25. cxd5 cxd5 26. Bd2 a5 27. b4 Ba6 28. fxg4
fxg4 29. Qb1 Kh8 30. b5 Bb7 31. Be3 Qc7 32. Qb2 Rxf2 33. Rxf2 Rc8 34. Qd4 Qc2
35. Qxb6 Qd1+ 36. Bf1 1-0

[Event "52nd World Juniors 2013"]
[Site "Kocaeli TUR"]
[Date "2013.09.19"]
[Round "7.24"]
[White "Georgiadis, Nico"]
[Black "Nuri, Murad"]
[Result "1-0"]
[WhiteTitle "FM"]
[WhiteElo "2396"]
[BlackElo "2206"]
[WhiteFideId "1300113"]
[BlackFideId "13404474"]
[EventDate "2013.09.13"]

1. e4 e6 2. d4 d5 3. Nc3 Bb4 4. e5 c5 5. a3 Bxc3+ 6. bxc3 Ne7 7. Nf3 b6 8. Bb5+
Bd7 9. Bd3 c4 10. Be2 Ba4 11. h4 h6 12. h5 Nbc6 13. Bf4 Kd7 14. Nd2 Qg8 15. Bg4
Kc7 16. O-O Qh7 17. Ra2 Raf8 18. Bh2 Kb7 19. Re1 Rhg8 20. Nf1 Nd8 21. Bh3 Nec6
22. f4 f5 23. exf6 Rxf6 24. Ne3 g5 25. hxg6 Qxg6 26. f5 Qg5 27. Ra1 Ne7 28. Qf3
Bc6 29. Bf4 Qh4 30. Kh2 Rff8 31. g3 Qf6 32. fxe6 Nxe6 33. Ng4 Qg6 34. Ne5 Ng5
35. Qe2 Qh7 36. Bg2 Re8 37. Nxc6 Nxc6 38. Qxe8 Rxe8 39. Rxe8 Qxc2 40. Re3 Ne4
41. Rf3 Nf2 42. Re1 Nd3 43. Re6 Na5 44. Rfe3 Ka6 45. Bxh6 Qxc3 46. Bxd5 Qxd4 47.
Bf3 Nb3 48. R6e4 Qh8 49. Rh4 Nd4 50. Bd5 Ne5 51. Bf4 Ng4+ 52. Kh3 Nxe3 53. Bxc4+
Nxc4 54. Rxh8 Nxa3 55. g4 Nab5 56. g5 Ne6 57. Be3 Kb7 58. g6 Nd6 59. Rh7+ Ka6
60. Re7 Nf8 61. g7 Ng6 62. Re6 1-0

[Event "52nd World Juniors 2013"]
[Site "Kocaeli TUR"]
[Date "2013.09.19"]
[Round "7.25"]
[White "Farid, Firman Syah"]
[Black "Ozdover, Mustafa Berkay"]
[Result "1/2-1/2"]
[WhiteTitle "IM"]
[WhiteElo "2433"]
[BlackElo "2005"]
[WhiteFideId "7102526"]
[BlackFideId "6311482"]
[EventDate "2013.09.13"]

1. d4 Nf6 2. c4 g6 3. Nc3 d5 4. Bg5 Bg7 5. Nf3 Ne4 6. Bh4 Nxc3 7. bxc3 dxc4 8.
Qa4+ Nd7 9. Qxc4 O-O 10. e3 c5 11. Be2 cxd4 12. exd4 Nb6 13. Qc5 Re8 14. O-O Be6
15. Rfe1 Rc8 16. Qa3 Nd5 17. Rac1 Qd6 18. Qb2 Bh6 19. Bg5 Bxg5 20. Nxg5 Bf5 21.
Qb3 Rf8 22. g3 b6 23. Bf1 Rc7 24. h3 Nf6 25. Bg2 h6 26. Nf3 Be4 27. Ne5 Bxg2 28.
Kxg2 Qd5+ 29. Qxd5 Nxd5 30. c4 Nf6 31. d5 Rfc8 32. Rcd1 Kg7 33. Rd3 Nd7 34. Nc6
Nc5 35. Ra3 e6 36. Nxa7 Ra8 37. Nb5 Rxa3 38. Nxc7 exd5 39. Nxd5 Rxa2 40. Nxb6
Nd3 41. Rf1 Rc2 42. h4 h5 43. Kg1 Ne5 1/2-1/2

[Event "52nd World Juniors 2013"]
[Site "Kocaeli TUR"]
[Date "2013.09.19"]
[Round "7.26"]
[White "Nagy, Gabor1"]
[Black "Gaehwiler, Gabriel"]
[Result "1-0"]
[WhiteTitle "IM"]
[WhiteElo "2457"]
[BlackElo "2287"]
[WhiteFideId "737119"]
[BlackFideId "1314530"]
[EventDate "2013.09.13"]

1. e4 c5 2. Nf3 d6 3. d4 cxd4 4. Nxd4 Nf6 5. Nc3 Nc6 6. Bc4 e6 7. Be3 Be7 8. Qe2
a6 9. O-O-O Qc7 10. Bb3 O-O 11. Rhg1 b5 12. g4 Nxd4 13. Bxd4 Nd7 14. g5 Nc5 15.
Qh5 Bb7 16. Bf6 Rfc8 17. Rg4 b4 18. Rh4 Bxe4 19. Rxe4 bxc3 20. Rh4 Nxb3+ 21. Kb1
Bxf6 22. gxf6 h6 23. axb3 Qc5 24. Rg1 Qxh5 25. Rxg7+ 1-0

[Event "52nd World Juniors 2013"]
[Site "Kocaeli TUR"]
[Date "2013.09.19"]
[Round "7.28"]
[White "Sunilduth Lyna, Narayanan"]
[Black "Carneiro, Vitor Roberto Castro"]
[Result "1-0"]
[BlackTitle "CM"]
[WhiteElo "2408"]
[BlackElo "2263"]
[WhiteFideId "5058422"]
[BlackFideId "2130106"]
[EventDate "2013.09.13"]

1. e4 g6 2. d4 Bg7 3. Nc3 c6 4. h3 d6 5. Be3 Nf6 6. Nf3 O-O 7. Bd3 Qc7 8. O-O
Nbd7 9. Qd2 Re8 10. a4 e5 11. Bh6 Nf8 12. Rfe1 Ne6 13. Ne2 a5 14. Bxg7 Kxg7 15.
Qc3 Nd7 16. Bc4 f6 17. Bb3 exd4 18. Nfxd4 Ndc5 19. Bxe6 Bxe6 20. Nf4 Bf7 21.
Nh5+ gxh5 22. Nf5+ Kf8 23. Qxf6 Ne6 24. Re3 Red8 25. Qh8+ Bg8 26. Rg3 1-0

[Event "52nd World Juniors 2013"]
[Site "Kocaeli TUR"]
[Date "2013.09.19"]
[Round "7.29"]
[White "Akhmetov, Ayan"]
[Black "Ashiku, Franc"]
[Result "0-1"]
[WhiteElo "2382"]
[BlackElo "2253"]
[WhiteFideId "13703706"]
[BlackFideId "4700066"]
[EventDate "2013.09.13"]

1. e4 e6 2. d4 d5 3. e5 c5 4. c3 Nc6 5. Nf3 Bd7 6. Be2 f6 7. O-O Qc7 8. Re1 fxe5
9. Nxe5 Nxe5 10. dxe5 Ne7 11. c4 d4 12. Bh5+ g6 13. Bg4 h5 14. Bh3 Bg7 15. Bg5
Bxe5 16. Nd2 Nf5 17. Nf3 Bd6 18. Bxf5 gxf5 19. Bf6 Rh6 20. Be5 Bc6 21. Bxd6 Qxd6
22. Ne5 Be4 23. Qd2 Rh8 24. Qf4 O-O-O 25. f3 Bc2 26. Qd2 d3 27. Nf7 Qd4+ 28. Kh1
Qxb2 29. Nxd8 Rxd8 30. Rab1 Qxb1 31. Rxb1 Bxb1 32. Kg1 Bxa2 33. Kf2 Bxc4 34. Ke1
Bb3 35. Kf2 c4 36. h4 b6 37. g4 fxg4 38. fxg4 Kb7 39. gxh5 c3 40. Qxc3 d2 41.
Qg7+ Ka6 42. Qa1+ Kb5 43. Qe5+ Ka4 0-1

[Event "52nd World Juniors 2013"]
[Site "Kocaeli TUR"]
[Date "2013.09.19"]
[Round "7.30"]
[White "Arvola, Benjamin"]
[Black "Igonin, Temur"]
[Result "1-0"]
[WhiteTitle "FM"]
[BlackTitle "FM"]
[WhiteElo "2354"]
[BlackElo "2074"]
[WhiteFideId "1506536"]
[BlackFideId "14203049"]
[EventDate "2013.09.13"]

1. d4 d5 2. c4 dxc4 3. Nf3 Nf6 4. e3 e6 5. Bxc4 c5 6. O-O a6 7. dxc5 Qxd1 8.
Rxd1 Bxc5 9. Nbd2 Nbd7 10. Be2 b6 11. Nc4 Bb7 12. a3 O-O 13. b4 Be7 14. Bb2 Bd5
15. Nd4 a5 16. b5 Rfc8 17. Rac1 Ne4 18. Nc6 Bf8 19. Bf3 f5 20. g4 g6 21. gxf5
gxf5 22. Bg2 Rc7 23. Bd4 Bxc4 24. Rxc4 Bc5 25. Bb2 Kf7 26. Bxe4 fxe4 27. Rxe4
Rg8+ 28. Kf1 Rg5 29. Nd8+ 1-0

[Event "52nd World Juniors 2013"]
[Site "Kocaeli TUR"]
[Date "2013.09.19"]
[Round "7.31"]
[White "Yurtseven, Melih"]
[Black "Dragomirescu, Robin-Alexandru"]
[Result "0-1"]
[BlackTitle "IM"]
[WhiteElo "2262"]
[BlackElo "2349"]
[WhiteFideId "6312160"]
[BlackFideId "1213849"]
[EventDate "2013.09.13"]

1. d4 Nf6 2. Bf4 g6 3. e3 Bg7 4. Nf3 d6 5. h3 O-O 6. Be2 c5 7. c3 b6 8. O-O Nbd7
9. Nbd2 Bb7 10. Qc2 Rc8 11. Rfd1 cxd4 12. exd4 Nd5 13. Bh2 Bh6 14. Bf1 Nf4 15.
a4 e6 16. a5 Qf6 17. axb6 axb6 18. Ra7 Rc7 19. Rda1 Rfc8 20. Bg3 e5 21. Bh4 g5
22. Bg3 exd4 23. Nxd4 Qxd4 24. cxd4 Rxc2 25. Rxb7 Rxd2 26. Rxd7 Rxd4 27. Kh2 Bg7
28. b3 Be5 29. Raa7 h5 30. Bc4 h4 31. Bxf4 Rxf4 32. g3 Rxf2+ 33. Kg1 hxg3 34.
Bxf7+ Kf8 35. Bc4 b5 36. Rf7+ Rxf7 37. Rxf7+ Ke8 38. Bd5 Rc5 39. Be6 Rc2 0-1

[Event "52nd World Juniors 2013"]
[Site "Kocaeli TUR"]
[Date "2013.09.19"]
[Round "7.32"]
[White "Kathmale, Sameer"]
[Black "Buyukasik, Diyap"]
[Result "1/2-1/2"]
[WhiteElo "2339"]
[BlackElo "2046"]
[WhiteFideId "5024498"]
[BlackFideId "6319602"]
[EventDate "2013.09.13"]

1. e4 c5 2. c3 d5 3. exd5 Qxd5 4. d4 Nf6 5. Nf3 a6 6. Be3 cxd4 7. cxd4 g6 8. Nc3
Qd6 9. Qd2 Bg7 10. d5 O-O 11. Be2 b5 12. Bf4 Qd8 13. a3 Bb7 14. Rd1 Nbd7 15. O-O
Nb6 16. d6 exd6 17. Qxd6 Qxd6 18. Rxd6 Nbd5 19. Be5 Rfe8 20. Nxd5 Nxd5 21. Bxg7
Kxg7 22. Nd4 Nf4 23. Bf3 Bxf3 24. Nxf3 Re2 25. g3 Ne6 26. b4 Ra2 27. Rd3 Rc8 28.
Rfd1 Rcc2 29. R1d2 Rc1+ 30. Kg2 Raa1 31. h4 Kf6 32. Re3 Rd1 33. Rc2 Rdc1 34. Rd2
Rd1 35. Rc2 Rdc1 36. Rxc1 Rxc1 37. Nd2 Rc6 38. Ne4+ Kg7 39. Rd3 Rc4 40. Re3 Rc6
41. Nd2 Rc2 42. Nf3 Kf6 43. Ne5 Rc7 44. Ng4+ Ke7 45. Rd3 Rc4 46. Ne5 Rc7 47. Re3
Kf6 48. Ng4+ Ke7 49. Rd3 Rc4 50. Ne5 Rc7 51. f4 Ng7 52. Nf3 Rc2+ 53. Nd2 Nf5 54.
g4 Nd6 55. Kf3 f5 56. g5 Rc1 57. Re3+ Kf7 58. Rd3 Ke7 59. Re3+ Kf7 60. Rd3 Ke7
61. Re3+ Kf7 62. Rd3 Ke7 63. Re3+ 1/2-1/2

[Event "52nd World Juniors 2013"]
[Site "Kocaeli TUR"]
[Date "2013.09.19"]
[Round "7.33"]
[White "Vucic, Mihovil"]
[Black "Saiyn, Zhanat"]
[Result "0-1"]
[BlackTitle "FM"]
[WhiteElo "2063"]
[BlackElo "2337"]
[WhiteFideId "14514990"]
[BlackFideId "13703820"]
[EventDate "2013.09.13"]

1. e4 c5 2. Nf3 e6 3. c3 Nf6 4. e5 Nd5 5. d4 cxd4 6. cxd4 d6 7. Bc4 Nc6 8. O-O
Be7 9. Qe2 O-O 10. Nc3 Nxc3 11. bxc3 dxe5 12. dxe5 Qa5 13. Bd2 Rd8 14. a4 Bd7
15. Qe4 g6 16. Rfe1 Be8 17. Rab1 Rd7 18. Bb5 Rad8 19. Bg5 Bxg5 20. Nxg5 h6 21.
Nf3 Qxc3 22. h4 Qa3 23. h5 g5 24. Re3 Qf8 25. g3 a6 26. Bxc6 Rd1+ 27. Re1 Bxc6
28. Qe2 R1d3 29. Nh2 Qc5 30. Kf1 Qd5 31. f3 Rd2 32. Ng4 Rxe2 33. Nf6+ Kg7 0-1

[Event "52nd World Juniors 2013"]
[Site "Kocaeli TUR"]
[Date "2013.09.19"]
[Round "7.34"]
[White "Benitez Lozano, Javier"]
[Black "Mamyrbay, Assad"]
[Result "1/2-1/2"]
[WhiteTitle "CM"]
[WhiteElo "2308"]
[BlackElo "1823"]
[WhiteFideId "5102472"]
[BlackFideId "13708880"]
[EventDate "2013.09.13"]

1. e4 c5 2. Nf3 d6 3. d4 cxd4 4. Nxd4 Nf6 5. Nc3 a6 6. Be3 e6 7. f3 b5 8. Qd2
Nbd7 9. g4 Nb6 10. a4 Nc4 11. Bxc4 bxc4 12. g5 Nd7 13. h4 Bb7 14. h5 Nc5 15.
Nde2 Be7 16. O-O-O Qa5 17. Qd4 Nxa4 18. Qxg7 Rf8 19. g6 hxg6 20. hxg6 O-O-O 21.
Qd4 Nxc3 22. Nxc3 fxg6 23. Qxc4+ Kb8 24. Qxe6 Bf6 25. Bd4 Qa1+ 26. Kd2 Bg5+ 27.
f4 Bxf4+ 28. Kd3 Qa5 29. b4 Qg5 30. Rdg1 Bg3 31. Rf1 Bf4 32. Rhg1 Qh4 33. Qg4
Qxg4 34. Rxg4 g5 35. Ne2 Rde8 36. Nxf4 Bxe4+ 37. Kd2 gxf4 38. Rgxf4 Rxf4 39.
Rxf4 Bd5 40. Be3 Re4 41. Rf8+ Kc7 42. c3 Bc4 43. Rf6 d5 44. Rg6 Rh4 45. Ke1 Re4
46. Kf2 Kd7 47. Kf3 Ke7 48. Rh6 Kf7 49. Rc6 Re6 50. Rc7+ Re7 51. Rc5 Re4 52. Bd4
Rh4 53. Rc6 Bb5 54. Rf6+ Ke7 55. Rb6 Re4 56. Be3 Kd7 57. Bf4 Re6 58. Rb7+ Kc6
59. Rc7+ Kb6 60. Rg7 Bd3 61. Be3+ Kc6 62. Bd4 Re4 63. Ra7 Be2+ 64. Kf2 Bc4 65.
Be3 Bb5 66. Kf3 Bc4 67. Ra8 Kb5 68. Rc8 Ka4 69. Rb8 Kb3 70. Bd4 Kc2 71. Rb6 Kd3
72. Rf6 Rxd4 73. cxd4 Kxd4 74. Kf2 Kc3 75. Ke1 d4 76. Rf2 d3 77. Rh2 Bb5 78. Rf2
Kxb4 79. Kd2 a5 80. Kc1 1/2-1/2

[Event "52nd World Juniors 2013"]
[Site "Kocaeli TUR"]
[Date "2013.09.19"]
[Round "7.36"]
[White "Uysal, Burak"]
[Black "Meribanov, Vitaly"]
[Result "1/2-1/2"]
[BlackTitle "FM"]
[WhiteElo "1928"]
[BlackElo "2433"]
[WhiteFideId "6339387"]
[BlackFideId "13504363"]
[EventDate "2013.09.13"]

1. e4 c5 2. Nf3 Nc6 3. Nc3 g6 4. d4 cxd4 5. Nxd4 Bg7 6. Be3 Nf6 7. Bc4 d6 8. h3
O-O 9. Bb3 Bd7 10. O-O Na5 11. Re1 Rc8 12. Qd2 Nc4 13. Bxc4 Rxc4 14. Bg5 Re8 15.
Rad1 Qc8 16. Qe3 a6 17. Bxf6 Bxf6 18. Nd5 Bxd4 19. Rxd4 Rxd4 20. Qxd4 Be6 21. c3
Qc6 22. h4 h5 23. Re3 Bxd5 24. exd5 Qd7 25. Qd3 Qg4 26. Re4 Qf5 27. Re3 Qxd3 28.
Rxd3 Rc8 29. Rd4 Kf8 30. Kf1 Ke8 31. Ke2 Kd7 32. Rf4 Ke8 33. Rd4 Rc5 34. Kd3 Kd7
35. b4 Rc8 36. Rf4 Ke8 37. Rd4 b5 38. c4 Kd7 39. Rf4 f5 40. Rd4 Ra8 41. Kc3 Rc8
42. Kb3 1/2-1/2

[Event "52nd World Juniors 2013"]
[Site "Kocaeli TUR"]
[Date "2013.09.19"]
[Round "7.37"]
[White "Pecurica, Milos"]
[Black "Ferreira, Jorge Viterbo"]
[Result "0-1"]
[BlackTitle "FM"]
[WhiteElo "2190"]
[BlackElo "2426"]
[WhiteFideId "944963"]
[BlackFideId "1910850"]
[EventDate "2013.09.13"]

1. d4 d5 2. c4 e6 3. Nf3 c6 4. Nc3 Nf6 5. Bg5 Nbd7 6. e3 Qa5 7. cxd5 Nxd5 8. Qd2
Bb4 9. Rc1 h6 10. Bh4 c5 11. a3 Bxc3 12. bxc3 b6 13. Bd3 Ba6 14. O-O cxd4 15.
exd4 Rc8 16. Bxa6 Qxa6 17. Bg3 O-O 18. Qb2 b5 19. Nd2 N7b6 20. Ne4 Na4 21. Qb3
Rc6 22. Nc5 Nxc5 23. dxc5 Rxc5 24. Be5 Rfc8 25. Bd4 Rc4 26. f4 f6 27. g3 Qb7 28.
Rfe1 Qd7 29. Rcd1 a6 30. Qc2 Qf7 31. Rd3 b4 32. Qd1 bxc3 33. f5 exf5 0-1

[Event "52nd World Juniors 2013"]
[Site "Kocaeli TUR"]
[Date "2013.09.19"]
[Round "7.38"]
[White "Yuksel, Atilla Koksal"]
[Black "Ochsner, Bjorn Moller"]
[Result "0-1"]
[WhiteTitle "CM"]
[BlackTitle "FM"]
[WhiteElo "2060"]
[BlackElo "2366"]
[WhiteFideId "6306667"]
[BlackFideId "1416928"]
[EventDate "2013.09.13"]

1. e4 c5 2. Nf3 d6 3. d4 cxd4 4. Nxd4 Nf6 5. Nc3 a6 6. Bg5 Nbd7 7. f4 Qc7 8. Qe2
e5 9. Nf5 h6 10. Bxf6 Nxf6 11. Ne3 exf4 12. Ned5 Nxd5 13. Nxd5 Qc5 14. Qc4 Rb8
15. Nc7+ Kd8 16. Nd5 Qxc4 17. Bxc4 Be6 18. O-O-O Rc8 19. Be2 g5 20. h4 Bg7 21.
hxg5 hxg5 22. Rxh8+ Bxh8 23. Rh1 Be5 24. Rh5 f5 25. Nb6 Rc6 26. exf5 Bxf5 27.
Rxg5 Bxc2 28. Nc4 Be4 29. Kd1 Bf6 30. Rg4 Be5 31. Nxe5 dxe5 32. Bf3 Rd6+ 33. Ke1
Bxf3 34. gxf3 Rd3 35. Ke2 Re3+ 36. Kf2 Kc7 37. Rg6 Rd3 38. Ke2 Re3+ 39. Kf2 Kb8
40. Rd6 Ka7 41. Re6 a5 42. Rd6 a4 43. Rd2 Kb6 44. Rc2 Kb5 45. Rc1 Kb4 46. Rd1 b6
47. Rc1 b5 48. Rb1 Kc4 49. Rd1 a3 50. bxa3 Rxa3 51. Rd2 b4 52. Re2 Re3 53. Rb2
Kc3 54. Rb3+ Kc4 55. Rb2 Kb5 56. Rd2 Ka4 57. Rb2 Ka3 58. Rd2 Rc3 59. Ke2 Re3+
60. Kf2 Rc3 61. Ke2 Rc1 62. Kd3 Ra1 63. Kc4 Rxa2 64. Rxa2+ Kxa2 65. Kxb4 e4 66.
Kc4 e3 0-1

[Event "52nd World Juniors 2013"]
[Site "Kocaeli TUR"]
[Date "2013.09.19"]
[Round "7.39"]
[White "Baglan, Esat"]
[Black "Asgarizadeh, Ahmad"]
[Result "1-0"]
[WhiteElo "2024"]
[BlackElo "2354"]
[WhiteFideId "6309216"]
[BlackFideId "12505684"]
[EventDate "2013.09.13"]

1. e4 c5 2. Nf3 e6 3. d4 cxd4 4. Nxd4 a6 5. Nc3 Qc7 6. Bd3 Nf6 7. Qe2 d6 8. g4
b5 9. a3 Bb7 10. Bd2 Be7 11. f4 Nfd7 12. O-O-O Nb6 13. Rhf1 N8d7 14. g5 O-O-O
15. f5 e5 16. f6 exd4 17. fxe7 Rde8 18. Nd5 Nxd5 19. exd5 Ne5 20. Qe4 Qb6 21.
Rxf7 Nxf7 22. Qe6+ Kb8 23. Qxf7 Qc5 24. Qxg7 Qxd5 25. Bf4 Qe6 26. Qf6 1-0